[Event "SR 1. liga zapad 2013/2014"]
[Site "?"]
[Date "2014.03.01"]
[Round "46.4"]
[White "Jakubek, Peter"]
[Black "Helbich, Jan"]
[Result "1/2-1/2"]
[WhiteElo "2140"]
[BlackElo "2229"]
[PlyCount "46"]
[EventDate "2013.??.??"]
[WhiteTeam "SKS Povazska Bystrica"]
[BlackTeam "SK Prievidza"]

1. d4 Nf6 2. Bg5 g6 3. Bxf6 exf6 4. e3 Bg7 5. c4 O-O 6. Nc3 b6 7. Be2 Bb7 8.
Bf3 Qc8 9. h4 Re8 10. h5 d6 11. hxg6 hxg6 12. Nh3 Nd7 13. Qd3 a6 14. Nf4 f5 15.
O-O-O c5 16. Nfd5 cxd4 17. exd4 Rb8 18. Rde1 Kf8 19. Rxe8+ Qxe8 20. Qd2 Bxd5
21. Nxd5 Nf6 22. Kb1 Nxd5 23. Bxd5 Qe7 1/2-1/2

[Event "SR 1. liga zapad 2013/2014"]
[Site "?"]
[Date "2014.03.01"]
[Round "46.5"]
[White "Kaniansky, Miroslav"]
[Black "Obona, Jan"]
[Result "1/2-1/2"]
[WhiteElo "2203"]
[BlackElo "2140"]
[PlyCount "65"]
[EventDate "2013.??.??"]
[WhiteTeam "SK Prievidza"]
[BlackTeam "SKS Povazska Bystrica"]

1. d4 d5 2. Nf3 c6 3. Bf4 Nf6 4. e3 Bg4 5. Nbd2 Nbd7 6. Bd3 e6 7. O-O Be7 8. c3
O-O 9. Qc2 c5 10. Ne5 Bh5 11. Nxd7 Qxd7 12. dxc5 Bxc5 13. Bg5 Bg6 14. Bxg6 hxg6
15. Rad1 Qc7 16. e4 dxe4 17. Nxe4 Nxe4 18. Qxe4 Rac8 19. Bf4 Qc6 20. Qxc6 Rxc6
21. Rd7 b5 22. Rb7 Bb6 23. Rd1 Rc4 24. Bb8 b4 25. Bxa7 Bxa7 26. Rxa7 bxc3 27.
bxc3 Rxc3 28. h3 Rc5 29. Rdd7 Rf5 30. a4 Rc8 31. Rd2 Rc1+ 32. Kh2 Ra1 33. f3
1/2-1/2

[Event "SR 1. liga zapad 2013/2014"]
[Site "?"]
[Date "2014.03.01"]
[Round "46.6"]
[White "Skrabakova, Katarina"]
[Black "Lakatos, Vladimir"]
[Result "1/2-1/2"]
[WhiteElo "1969"]
[BlackElo "2158"]
[PlyCount "61"]
[EventDate "2013.??.??"]
[WhiteTeam "SKS Povazska Bystrica"]
[BlackTeam "SK Prievidza"]

1. e4 c5 2. Nf3 e6 3. d4 cxd4 4. Nxd4 a6 5. Nc3 Qc7 6. Be2 Nf6 7. O-O Nc6 8.
Be3 Bb4 9. Na4 Bd6 10. Nxc6 bxc6 11. h3 Nxe4 12. Qd4 Nf6 13. Nb6 Rb8 14. Nc4
Bh2+ 15. Kh1 d5 16. g3 Bxg3 17. fxg3 dxc4 18. Bf4 Qb6 19. Qxc4 Ra8 20. Bf3 Bb7
21. Bd6 Rc8 22. Bc5 Qc7 23. Qh4 Rd8 24. Qg5 Rg8 25. Bg2 h6 26. Qe3 Nd7 27. Rad1
Nxc5 28. Qxc5 Rxd1 29. Rxd1 f5 30. Rd6 Kf7 31. Bf3 1/2-1/2

[Event "SR 1. liga zapad 2013/2014"]
[Site "?"]
[Date "2014.03.01"]
[Round "46.7"]
[White "Hanko, Pavol"]
[Black "Budaj, Peter"]
[Result "0-1"]
[WhiteElo "2141"]
[BlackElo "2062"]
[PlyCount "94"]
[EventDate "2013.??.??"]
[WhiteTeam "SK Prievidza"]
[BlackTeam "SKS Povazska Bystrica"]

1. d4 Nf6 2. Nf3 g6 3. c4 Bg7 4. Nc3 d6 5. e4 O-O 6. Be2 Nc6 7. d5 Nb8 8. O-O
e5 9. b4 a5 10. Ba3 axb4 11. Bxb4 Na6 12. a3 Ne8 13. Nd2 f5 14. Nb3 b6 15. Bd3
f4 16. f3 Qh4 17. Nb5 g5 18. Be1 Qh5 19. h3 Nf6 20. Ra2 Qg6 21. Kf2 h5 22. Rg1
Rf7 23. Bc3 Bf8 24. Ke2 g4 25. hxg4 hxg4 26. Kd2 Rg7 27. Re1 Kf7 28. Kc1 Be7
29. Kb1 Bd7 30. a4 Rh7 31. a5 Rh2 32. axb6 cxb6 33. Rh1 Qh7 34. Rxh2 Qxh2 35.
Qf1 Qh8 36. Be2 g3 37. Bd1 Nc5 38. Rd2 Nxb3 39. Bxb3 Qh2 40. Bb4 Ne8 41. Nc3
Nc7 42. Na2 Na6 43. Bc3 Nc5 44. Bd1 Rh8 45. Rb2 Qh1 46. Qe2 Rh2 47. Nc1 Bh3 0-1

[Event "SR 1. liga zapad 2013/2014"]
[Site "?"]
[Date "2014.03.01"]
[Round "46.8"]
[White "Capak, Stefan"]
[Black "Gazikova, Veronika"]
[Result "1-0"]
[WhiteElo "2040"]
[BlackElo "2093"]
[PlyCount "105"]
[EventDate "2013.??.??"]
[WhiteTeam "SKS Povazska Bystrica"]
[BlackTeam "SK Prievidza"]

1. d4 Nf6 2. Nf3 g6 3. g3 Bg7 4. Bg2 c5 5. e3 d5 6. O-O Nc6 7. Nbd2 O-O 8. Re1
Bf5 9. c3 c4 10. Nh4 Bg4 11. f3 Be6 12. e4 b5 13. e5 Ne8 14. f4 Qd7 15. Nf1 f5
16. exf6 Nxf6 17. Ne3 b4 18. Qe2 bxc3 19. bxc3 Rab8 20. Bf3 Bf7 21. Ba3 Rb5 22.
Qc2 Ne8 23. Rab1 Ra5 24. Bb4 Nxb4 25. Rxb4 Nd6 26. Reb1 Be6 27. Qg2 Nb5 28. Qb2
a6 29. a4 Nd6 30. Ra1 Rd8 31. Rb8 Rxb8 32. Qxb8+ Kf7 33. Qb4 Qc7 34. Bg2 Kg8
35. Nf3 Ne4 36. Ne5 Nd2 37. Nc6 Nb3 38. Nxa5 Nxa1 39. Bxd5 Bxd5 40. Nxd5 Qd7
41. Nxe7+ Kf7 42. Nac6 Bf6 43. Qxc4+ Kg7 44. Qg8+ Kh6 45. Qf7 Bxe7 46. Nxe7
Qxa4 47. Ng8+ Kh5 48. Qxh7+ Kg4 49. Qxg6+ Kf3 50. Qd3+ Kg4 51. Nf6+ Kh3 52. g4+
Kh4 53. Qg3# 1-0

[Event "SR 1. liga zapad 2013/2014"]
[Site "?"]
[Date "2014.03.01"]
[Round "47.1"]
[White "Schwarz, Dusan"]
[Black "Bagi, Mate"]
[Result "1/2-1/2"]
[WhiteElo "2390"]
[BlackElo "2368"]
[PlyCount "111"]
[EventDate "2013.??.??"]
[WhiteTeam "SK Doprastav Bratislava B"]
[BlackTeam "KSC Komarno"]

1. d4 Nf6 2. c4 g6 3. Nc3 d5 4. cxd5 Nxd5 5. e4 Nxc3 6. bxc3 Bg7 7. Be3 c5 8.
Qd2 Qa5 9. Rc1 O-O 10. Nf3 Rd8 11. d5 Nc6 12. Be2 e6 13. Bg5 f6 14. Be3 exd5
15. exd5 Ne7 16. c4 Qxd2+ 17. Nxd2 b6 18. Ne4 Nf5 19. Bf4 Nd4 20. Bd3 f5 21.
Nc3 Bd7 22. h4 Bf6 23. Kd2 Re8 24. Bg5 Kg7 25. Rce1 h6 26. Bxf6+ Kxf6 27. Re3
Re5 28. Rb1 Rb8 29. f4 Rxe3 30. Kxe3 Ke7 31. Kd2 Kd6 32. Re1 Re8 33. Rxe8 Bxe8
34. Kc1 a6 35. a4 Bd7 36. Kd2 Be8 37. Kc1 Bd7 38. Kd2 Ke7 39. Ke3 Nb3 40. Bc2
Na5 41. Bd3 Nb7 42. Be2 Nd6 43. Bd3 Kf6 44. Kf3 g5 45. hxg5+ hxg5 46. g3 g4+
47. Ke3 Ke7 48. Be2 Ne8 49. Bd3 Kd6 50. Kd2 Ng7 51. Ke3 Kc7 52. Ke2 Ne8 53. Kd2
Ng7 54. Ke3 Ne8 55. Kd2 Ng7 56. Ke3 1/2-1/2

[Event "SR 1. liga zapad 2013/2014"]
[Site "?"]
[Date "2014.03.01"]
[Round "47.2"]
[White "Kukel, Imre 1985"]
[Black "Bednar, Jan"]
[Result "1-0"]
[WhiteElo "2249"]
[BlackElo "2185"]
[PlyCount "63"]
[EventDate "2013.??.??"]
[WhiteTeam "KSC Komarno"]
[BlackTeam "SK Doprastav Bratislava B"]

1. e4 e5 2. Nf3 Nc6 3. Bb5 a6 4. Ba4 Nf6 5. O-O Be7 6. Re1 b5 7. Bb3 d6 8. c3
O-O 9. h3 Na5 10. Bc2 c5 11. d4 Qc7 12. Nbd2 Re8 13. a4 Bd7 14. Nf1 cxd4 15.
cxd4 Rec8 16. Re2 Nc6 17. Ng3 Nb4 18. Bb3 bxa4 19. Bxa4 Bxa4 20. Qxa4 Nd3 21.
Be3 d5 22. exd5 Nxd5 23. Qb3 exd4 24. Qxd3 Nxe3 25. Rxa6 Bd6 26. Rxd6 Ra1+ 27.
Kh2 Qxd6 28. Rxe3 g6 29. Qxd4 Qb8 30. Re7 Rcc1 31. Ne5 h5 32. Qd5 1-0

[Event "SR 1. liga zapad 2013/2014"]
[Site "?"]
[Date "2014.03.01"]
[Round "47.3"]
[White "Karas, Marek"]
[Black "Szegi, Tamas"]
[Result "1/2-1/2"]
[WhiteElo "2037"]
[BlackElo "2233"]
[PlyCount "125"]
[EventDate "2013.??.??"]
[WhiteTeam "SK Doprastav Bratislava B"]
[BlackTeam "KSC Komarno"]

1. d4 Nf6 2. c4 g6 3. f3 c5 4. d5 b5 5. e4 d6 6. cxb5 Bg7 7. Nc3 O-O 8. Be3 a6
9. Qd2 Re8 10. Bc4 Nbd7 11. a4 Ne5 12. b3 Nxc4 13. bxc4 Nd7 14. f4 Nb6 15. Qd3
axb5 16. cxb5 Nxa4 17. e5 Bf5 18. Qd2 Nxc3 19. Qxc3 dxe5 20. Rxa8 Qxa8 21. fxe5
e6 22. Nf3 exd5 23. Qxc5 Qa1+ 24. Qc1 Qa5+ 25. Kf2 Qxb5 26. Re1 Be4 27. Bd4 Qd7
28. Qf4 Rc8 29. Rc1 Rxc1 30. Qxc1 Qf5 31. Qb2 h6 32. Qc3 Bxf3 33. gxf3 Qf4 34.
Kg2 Kh7 35. Qb2 h5 36. Bc3 h4 37. Qf2 Kg8 38. Bd2 Qxe5 39. Qxh4 Bf6 40. Qf2 d4
41. f4 Qe4+ 42. Kg3 Kg7 43. Qe1 Qd5 44. Qe2 d3 45. Qf3 Qf5 46. h3 Qb5 47. Qe3
Qd5 48. Qf3 Bh4+ 49. Kg2 Qc5 50. f5 Qxf5 51. Qxf5 gxf5 52. Kf3 Kg6 53. Ke3 f4+
54. Kxd3 f3 55. Be3 Kf5 56. Bd2 Bf2 57. Bc1 Bb6 58. Kd2 Bf2 59. Kd3 Bg3 60. Be3
Be1 61. Bc1 Bh4 62. Bd2 Bg3 63. Bb4 1/2-1/2

[Event "SR 1. liga zapad 2013/2014"]
[Site "?"]
[Date "2014.03.01"]
[Round "47.5"]
[White "Krajnak, Robert"]
[Black "Pallag, Gergely"]
[Result "1/2-1/2"]
[WhiteElo "2045"]
[BlackElo "2075"]
[PlyCount "32"]
[EventDate "2013.??.??"]
[WhiteTeam "SK Doprastav Bratislava B"]
[BlackTeam "KSC Komarno"]

1. c4 e6 2. Nf3 Nf6 3. e3 b6 4. Be2 Bb7 5. O-O d5 6. b3 Bd6 7. Bb2 Nbd7 8. d3
O-O 9. Nbd2 Qe7 10. a3 Rad8 11. cxd5 exd5 12. Nd4 Be5 13. N2f3 c5 14. Nf5 Qe6
15. Nxe5 Nxe5 16. Ng3 d4 1/2-1/2

[Event "SR 1. liga zapad 2013/2014"]
[Site "?"]
[Date "2014.03.01"]
[Round "47.6"]
[White "Voros, Gellert"]
[Black "Magyar, Frantisek"]
[Result "1-0"]
[WhiteElo "2038"]
[BlackElo "2007"]
[PlyCount "49"]
[EventDate "2013.??.??"]
[WhiteTeam "KSC Komarno"]
[BlackTeam "SK Doprastav Bratislava B"]

1. e4 c5 2. c3 Nc6 3. d4 cxd4 4. cxd4 d5 5. Nc3 Nf6 6. e5 Ne4 7. Nxe4 dxe4 8.
Ne2 Bf5 9. Ng3 Bg6 10. h4 h6 11. h5 Bh7 12. e6 fxe6 13. Be3 Qa5+ 14. Bd2 Qd5
15. Bc3 O-O-O 16. Qa4 Kb8 17. Bc4 Qd7 18. O-O Nxd4 19. Qa5 Nc6 20. Qb5 a6 21.
Qb6 e5 22. Bxa6 e6 23. Rad1 Nd4 24. Bxd4 exd4 25. Rxd4 1-0

[Event "SR 1. liga zapad 2013/2014"]
[Site "?"]
[Date "2014.03.01"]
[Round "47.7"]
[White "Machalec, Vladimir"]
[Black "Molnar, Erno"]
[Result "1-0"]
[WhiteElo "1958"]
[BlackElo "2002"]
[PlyCount "91"]
[EventDate "2013.??.??"]
[WhiteTeam "SK Doprastav Bratislava B"]
[BlackTeam "KSC Komarno"]

1. c4 e5 2. Nc3 Nf6 3. g3 Nc6 4. Bg2 Bb4 5. Nf3 O-O 6. O-O Re8 7. Qc2 e4 8. Ng5
Nd4 9. Qd1 Ng4 10. Ngxe4 f5 11. e3 Nc6 12. Nd5 d6 13. Nec3 Bxc3 14. Nxc3 Nce5
15. d3 c6 16. b3 Qf6 17. Bb2 f4 18. exf4 Nxh2 19. fxe5 Rxe5 20. Ne4 Qh6 21. Bc1
g5 22. f3 Nxf1 23. Qxf1 d5 24. f4 Rf5 25. Nxg5 dxc4 26. dxc4 Bd7 27. Qd3 Rd8
28. Be4 Qf6 29. Qb1 h6 30. Bb2 Qg6 31. g4 hxg5 32. Bxf5 Qh6 33. Bxd7 Rxd7 34.
fxg5 Qe6 35. Qf5 Qe3+ 36. Qf2 Qxg5 37. Rf1 Qe7 38. Re1 Qd8 39. Qf5 Rf7 40. Qg6+
Kf8 41. Ba3+ c5 42. Bxc5+ Qe7 43. Bxe7+ Ke8 44. Bd8+ Kxd8 45. Qxf7 Kc8 46. Re8#
1-0

[Event "SR 1. liga zapad 2013/2014"]
[Site "?"]
[Date "2014.03.01"]
[Round "48.1"]
[White "Zetocha, Claudiu"]
[Black "Zatko, Gregor"]
[Result "1/2-1/2"]
[WhiteElo "2363"]
[BlackElo "2188"]
[PlyCount "84"]
[EventDate "2013.??.??"]
[WhiteTeam "SK Slovan Bratislava C"]
[BlackTeam "SK Levice"]

1. e4 e5 2. Nf3 Nc6 3. Bc4 Bc5 4. c3 Nf6 5. d3 a6 6. Bb3 d6 7. O-O Ba7 8. Nbd2
O-O 9. Nc4 Ne7 10. Nh4 Ng6 11. Bg5 Nxh4 12. Bxh4 h6 13. Kh1 Be6 14. f3 g5 15.
Bf2 Bxf2 16. Rxf2 Bxc4 17. Bxc4 Kg7 18. g3 Qd7 19. Qe2 Rae8 20. Bb3 c6 21. Raf1
Nh7 22. f4 f6 23. Qh5 Re7 24. fxe5 Rxe5 25. d4 Rxe4 26. Bc2 f5 27. Bxe4 fxe4
28. Rxf8 Nxf8 29. Rxf8 Kxf8 30. Qxh6+ Ke8 31. Qh8+ Ke7 32. Qh7+ Kd8 33. Qxe4
Qf7 34. Kg2 Qxa2 35. Qe2 a5 36. Kf3 a4 37. h3 b5 38. h4 Qf7+ 39. Kg4 gxh4 40.
gxh4 Qg6+ 41. Kf4 Qf6+ 42. Kg3 Qg6+ 1/2-1/2

[Event "SR 1. liga zapad 2013/2014"]
[Site "?"]
[Date "2014.03.01"]
[Round "48.2"]
[White "Kalisky, Vladimir"]
[Black "Petran, Peter"]
[Result "0-1"]
[WhiteElo "2186"]
[BlackElo "2320"]
[PlyCount "40"]
[EventDate "2013.??.??"]
[WhiteTeam "SK Levice"]
[BlackTeam "SK Slovan Bratislava C"]

1. e4 g6 2. d4 Bg7 3. Nf3 d6 4. Bd3 Nf6 5. O-O O-O 6. Re1 Nc6 7. d5 Nb8 8. Nc3
Bg4 9. h3 Bxf3 10. Qxf3 c6 11. Bg5 Nbd7 12. Qe3 Re8 13. a4 cxd5 14. exd5 a6 15.
a5 Rc8 16. Bf1 Rc5 17. b4 Nxd5 18. Nxd5 Rxd5 19. Bxe7 Qc8 20. Qa3 Bxa1 0-1

[Event "SR 1. liga zapad 2013/2014"]
[Site "?"]
[Date "2014.03.01"]
[Round "48.3"]
[White "Ruckschloss, Karol"]
[Black "Hudoba, Ondrej"]
[Result "1/2-1/2"]
[WhiteElo "2244"]
[BlackElo "2155"]
[PlyCount "81"]
[EventDate "2013.??.??"]
[WhiteTeam "SK Slovan Bratislava C"]
[BlackTeam "SK Levice"]

1. c4 e5 2. Nc3 Nf6 3. e4 Bc5 4. Be2 Nc6 5. Nf3 d6 6. d3 h6 7. a3 a6 8. b4 Ba7
9. h3 O-O 10. g4 Nd4 11. g5 Nxf3+ 12. Bxf3 Bd4 13. Qc2 hxg5 14. Bxg5 Bxc3+ 15.
Qxc3 Nxe4 16. Bxd8 Nxc3 17. Bxc7 e4 18. Kd2 Nb5 19. cxb5 exf3 20. bxa6 Rxa6 21.
b5 Ra4 22. Bxd6 Rd8 23. Bc5 Rd5 24. d4 b6 25. Bxb6 Rxb5 26. Bc5 Rb2+ 27. Ke3
Rb3+ 28. Kf4 Ra6 29. d5 Rf6+ 30. Ke5 Rf5+ 31. Ke4 Rh5 32. h4 Bb7 33. Rad1 Rc3
34. Kd4 Rc2 35. d6 Bc6 36. Bb4 Rxf2 37. d7 Rd5+ 38. Ke3 Re2+ 39. Kf4 Rxd7 40.
Rxd7 Bxd7 41. Kxf3 1/2-1/2

[Event "SR 1. liga zapad 2013/2014"]
[Site "?"]
[Date "2014.03.01"]
[Round "48.4"]
[White "Chlpik, Martin"]
[Black "Kovac, Andrej"]
[Result "0-1"]
[WhiteElo "2077"]
[BlackElo "2171"]
[PlyCount "88"]
[EventDate "2013.??.??"]
[WhiteTeam "SK Levice"]
[BlackTeam "SK Slovan Bratislava C"]

1. d4 Nf6 2. Bf4 b6 3. Nf3 Bb7 4. Nbd2 e6 5. h3 Be7 6. c3 d6 7. e3 Nbd7 8. Be2
O-O 9. O-O Re8 10. Bh2 Rc8 11. a4 a6 12. Bd3 Bf8 13. Qe2 a5 14. e4 e5 15. dxe5
Nxe5 16. Nxe5 dxe5 17. Rfd1 Qe7 18. Nf3 Nd7 19. Bc4 Bc6 20. b4 axb4 21. cxb4
Rcd8 22. Rd2 Qf6 23. b5 Bb7 24. Bg3 h6 25. Rad1 Bd6 26. Rd3 Bxe4 27. Qxe4 Nc5
28. Qg4 e4 29. Rxd6 cxd6 30. Nd4 d5 31. Bf1 Nxa4 32. Nc6 Nc3 33. Rc1 Ra8 34.
Qd7 e3 35. fxe3 Rxe3 36. Bf2 Ne2+ 37. Bxe2 Rxe2 38. Rf1 Rxf2 39. Rxf2 Ra1+ 40.
Kh2 Qxf2 41. Ne7+ Kh7 42. Nxd5 Qg1+ 43. Kg3 Ra3+ 44. Kf4 Qd4+ 0-1

[Event "SR 1. liga zapad 2013/2014"]
[Site "?"]
[Date "2014.03.01"]
[Round "48.5"]
[White "Hacik, Radomir"]
[Black "Berek, Geza"]
[Result "0-1"]
[WhiteElo "2209"]
[BlackElo "2134"]
[PlyCount "88"]
[EventDate "2013.??.??"]
[WhiteTeam "SK Slovan Bratislava C"]
[BlackTeam "SK Levice"]

1. e4 g6 2. d4 Bg7 3. f4 c5 4. d5 d6 5. Nf3 Nf6 6. Bb5+ Bd7 7. Bxd7+ Nbxd7 8.
Qd3 O-O 9. c4 b5 10. Nbd2 bxc4 11. Nxc4 Nb6 12. O-O Nxc4 13. Qxc4 Rb8 14. Bd2
Rxb2 15. Bc3 Rc2 16. Rac1 Rxc1 17. Rxc1 Nd7 18. Bxg7 Kxg7 19. Rb1 Qc7 20. Qa4
Nb6 21. Qa6 Rb8 22. a4 Nd7 23. Rxb8 Qxb8 24. Qd3 Qb4 25. g3 Qxa4 26. e5 Qa1+
27. Kg2 Qb2+ 28. Kh3 Nb6 29. exd6 exd6 30. Ng5 Qd4 31. Qa6 Qf6 32. Qxa7 Nxd5
33. Qa3 h6 34. Nf3 Qc3 35. Qxc3+ Nxc3 36. Kg2 Kf6 37. Nd2 Ke6 38. Kf3 Kd5 39.
g4 Kd4 40. h4 Kd3 41. Nf1 Nb5 42. f5 Nd4+ 43. Kf4 c4 44. Ne3 g5+ 0-1

[Event "SR 1. liga zapad 2013/2014"]
[Site "?"]
[Date "2014.03.01"]
[Round "48.6"]
[White "Nikel, Rastislav"]
[Black "Dolnak, Michal"]
[Result "0-1"]
[WhiteElo "2018"]
[BlackElo "2164"]
[PlyCount "78"]
[EventDate "2013.??.??"]
[WhiteTeam "SK Levice"]
[BlackTeam "SK Slovan Bratislava C"]

1. d4 Nf6 2. c4 e6 3. Nf3 b6 4. a3 Bb7 5. Nc3 d5 6. Bg5 Be7 7. e3 O-O 8. Bd3 c5
9. cxd5 Nxd5 10. Bxe7 Qxe7 11. Nxd5 Bxd5 12. dxc5 bxc5 13. Qc2 g6 14. e4 Bb7
15. Ne5 Qg5 16. Nc4 Qxg2 17. O-O-O Nc6 18. Rhg1 Qf3 19. Rg3 Qf4+ 20. Qd2 Qxd2+
21. Kxd2 Ba6 22. Kc3 f6 23. Nd6 Bxd3 24. Rgxd3 Rab8 25. b3 Rfd8 26. Nc4 Nd4 27.
b4 cxb4+ 28. axb4 Ne2+ 29. Kd2 Nf4 30. Rxd8+ Rxd8+ 31. Kc2 Rxd1 32. Kxd1 Nd3
33. f3 Nxb4 34. Kd2 Nc6 35. Kd3 g5 36. Nd2 Kf7 37. Kc4 Ke7 38. Kc5 Kd7 39. h3
Ne5 0-1

[Event "SR 1. liga zapad 2013/2014"]
[Site "?"]
[Date "2014.03.01"]
[Round "48.7"]
[White "Sulek, Viliam"]
[Black "Lecky, Juraj"]
[Result "1/2-1/2"]
[WhiteElo "2052"]
[BlackElo "1863"]
[PlyCount "33"]
[EventDate "2013.??.??"]
[WhiteTeam "SK Slovan Bratislava C"]
[BlackTeam "SK Levice"]

1. e4 c5 2. Nf3 d6 3. d4 cxd4 4. c3 dxc3 5. Nxc3 Nc6 6. Bc4 a6 7. O-O Nf6 8. h3
e6 9. Qe2 Be7 10. Bf4 b5 11. Bb3 Bb7 12. Rad1 Qb8 13. e5 dxe5 14. Nxe5 Nxe5 15.
Bxe5 Qa7 16. Bd4 Qb8 17. Be5 1/2-1/2

[Event "SR 1. liga zapad 2013/2014"]
[Site "?"]
[Date "2014.03.02"]
[Round "49.1"]
[White "Federic, Jozef"]
[Black "Likavsky, Tomas"]
[Result "0-1"]
[WhiteElo "2269"]
[BlackElo "2453"]
[PlyCount "84"]
[EventDate "2013.??.??"]
[WhiteTeam "SK Modra"]
[BlackTeam "Lokomotiva Trnava"]

1. d4 d5 2. Nf3 Nf6 3. c4 e6 4. Nc3 Nbd7 5. cxd5 exd5 6. Bg5 c6 7. e3 Bd6 8.
Rc1 O-O 9. Bd3 Re8 10. Qc2 Nf8 11. O-O Ng6 12. h3 h6 13. Bxf6 Qxf6 14. e4 dxe4
15. Nxe4 Qd8 16. Nxd6 Qxd6 17. Rfe1 Ne7 18. Bc4 Rf8 19. Qb3 b5 20. Bd3 Be6 21.
Qc2 Rfd8 22. Be4 a5 23. a3 a4 24. Ne5 Qxd4 25. Nxc6 Nxc6 26. Bxc6 Rac8 27. Qc3
Qb6 28. Qf3 Rd2 29. Be4 Rxc1 30. Rxc1 Rxb2 31. Rc6 Qd4 32. Bc2 g5 33. Qh5 Qd5
34. Rc7 Qd2 35. Qxh6 Rxc2 36. Rxc2 Qxc2 37. Qxg5+ Qg6 38. Qxb5 Bxh3 39. Qb8+
Kh7 40. Kf1 Qxg2+ 41. Ke2 Bg4+ 42. Kd3 Qd5+ 0-1

[Event "SR 1. liga zapad 2013/2014"]
[Site "?"]
[Date "2014.03.02"]
[Round "49.2"]
[White "Lanc, Alois"]
[Black "Kleman, Miroslav"]
[Result "1-0"]
[WhiteElo "2355"]
[BlackElo "2188"]
[PlyCount "67"]
[EventDate "2013.??.??"]
[WhiteTeam "Lokomotiva Trnava"]
[BlackTeam "SK Modra"]

1. e4 e5 2. Nf3 f5 3. Nxe5 Nf6 4. exf5 Qe7 5. Qe2 d6 6. Nc4 Bxf5 7. Qxe7+ Bxe7
8. Ne3 Bg6 9. d4 d5 10. Nd2 Nc6 11. c3 O-O 12. Nf3 Rae8 13. Bb5 Bd6 14. O-O Be4
15. Ng5 Bg6 16. Nf3 Be4 17. Ne1 Re6 18. Bd3 Ne7 19. Bxe4 Nxe4 20. f3 Nf6 21.
Nd3 b6 22. b4 h5 23. g3 Nh7 24. Ng2 g5 25. f4 h4 26. gxh4 gxf4 27. Bxf4 Bxf4
28. Ndxf4 Re4 29. Rf3 Ng6 30. Rg3 Rfxf4 31. Nxf4 Rxf4 32. Rxg6+ Kf7 33. Rc6
Rg4+ 34. Kh1 1-0

[Event "SR 1. liga zapad 2013/2014"]
[Site "?"]
[Date "2014.03.02"]
[Round "49.3"]
[White "Skara, Vladimir"]
[Black "Banas, Jan"]
[Result "1-0"]
[WhiteElo "2170"]
[BlackElo "2293"]
[PlyCount "93"]
[EventDate "2013.??.??"]
[WhiteTeam "SK Modra"]
[BlackTeam "Lokomotiva Trnava"]

1. e4 c5 2. Nf3 d6 3. d4 cxd4 4. Nxd4 Nf6 5. Nc3 Nc6 6. f3 e5 7. Nb3 Be6 8. Be3
Be7 9. Qd2 O-O 10. O-O-O a5 11. Kb1 a4 12. Nc1 a3 13. b3 Qa5 14. g4 Rfc8 15.
Nd5 Bxd5 16. exd5 Nb4 17. c4 Nfxd5 18. cxd5 Rc2 19. Qxc2 Nxc2 20. Bd2 Qc7 21.
Ne2 Nd4 22. Nxd4 exd4 23. Rc1 Qd7 24. Bd3 g6 25. Rc2 Qd8 26. Rhc1 Bg5 27. f4
Bh6 28. g5 Bf8 29. Rc7 Rb8 30. Bb5 Be7 31. Rd7 Qb6 32. Bd3 Bf8 33. Rcc7 Re8 34.
Rxf7 Re3 35. Rxb7 Qc5 36. Rfc7 Rxd3 37. Rxc5 dxc5 38. Kc2 Rh3 39. Rd7 Bg7 40.
d6 d3+ 41. Kd1 Rxh2 42. Rxg7+ Kxg7 43. d7 Rh1+ 44. Be1 d2 45. Kxd2 Rh2+ 46. Kd3
Rxa2 47. Bc3+ 1-0

[Event "SR 1. liga zapad 2013/2014"]
[Site "?"]
[Date "2014.03.02"]
[Round "49.4"]
[White "Vass, Frantisek"]
[Black "Mydlarik, Martin"]
[Result "1-0"]
[WhiteElo "2283"]
[BlackElo "2112"]
[PlyCount "133"]
[EventDate "2013.??.??"]
[WhiteTeam "Lokomotiva Trnava"]
[BlackTeam "SK Modra"]

1. d4 Nf6 2. Nf3 g6 3. g3 Bg7 4. Bg2 O-O 5. O-O d6 6. Nbd2 c6 7. e4 Qc7 8. c3
b5 9. Re1 e5 10. Qc2 c5 11. dxe5 dxe5 12. a4 bxa4 13. Nc4 Nbd7 14. Qxa4 Bb7 15.
Na5 Nb6 16. Qc2 Bc8 17. h3 h6 18. Be3 Be6 19. Nd2 Nfd7 20. f4 f5 21. exf5 Bxf5
22. Qb3+ c4 23. Naxc4 Be6 24. Nxb6 Bxb3 25. Nxa8 Rxa8 26. Bxa8 Be6 27. Rxa7 Qd6
28. Ne4 Qd3 29. Nf2 Qb5 30. b4 Qc4 31. Ra3 h5 32. Be4 Bf5 33. Bg2 h4 34. g4
exf4 35. Ra8+ Kh7 36. gxf5 fxe3 37. fxg6+ Kxg6 38. Be4+ Kf7 39. Rxe3 Nf6 40.
Bg2 Bh6 41. Rf3 Bf4 42. Rd8 Qc7 43. Rd4 Bh2+ 44. Kh1 Be5 45. Ne4 Kg6 46. Nxf6
Bxf6 47. Rg4+ Bg5 48. Rf8 Qxc3 49. Rg8+ Kf6 50. R8xg5 Qc1+ 51. Kh2 Qc7+ 52. Kg1
Qc1+ 53. Bf1 Qe3+ 54. Kh2 Qd2+ 55. Kh1 Qe1 56. Rg1 Qxb4 57. R5g4 Qb7+ 58. Bg2
Qh7 59. Rf4+ Ke5 60. Re4+ Kd6 61. Rd1+ Kc5 62. Re2 Kc4 63. Red2 Qh6 64. Rc1+
Kb3 65. Bd5+ Ka3 66. Ra2+ Kb4 67. Rb2+ 1-0

[Event "SR 1. liga zapad 2013/2014"]
[Site "?"]
[Date "2014.03.02"]
[Round "49.5"]
[White "Kundrak, Vladimir"]
[Black "Lukac, Roman"]
[Result "1-0"]
[WhiteElo "1945"]
[BlackElo "2110"]
[PlyCount "75"]
[EventDate "2013.??.??"]
[WhiteTeam "SK Modra"]
[BlackTeam "Lokomotiva Trnava"]

1. b3 e5 2. Bb2 Nc6 3. e3 d6 4. Bb5 Bd7 5. Nf3 f5 6. d4 e4 7. Nfd2 Nf6 8. O-O
a6 9. Be2 Qe7 10. Qc1 g6 11. c4 Bg7 12. Nc3 Rc8 13. a3 O-O 14. b4 Qe8 15. d5
Ne5 16. Qc2 c5 17. b5 axb5 18. Nxb5 Qe7 19. a4 Be8 20. Qb3 g5 21. a5 Ra8 22.
Bxe5 dxe5 23. d6 Qf7 24. Nc7 Bc6 25. Nxa8 Rxa8 26. Qb6 Nd7 27. Qc7 Ra6 28. Qd8+
Qf8 29. Qxg5 Qxd6 30. Rfd1 Qf8 31. Nb3 Kh8 32. Rd2 Bh6 33. Qh4 f4 34. Rad1 fxe3
35. Rxd7 exf2+ 36. Qxf2 Bxd7 37. Qxf8+ Bxf8 38. Rxd7 1-0

[Event "SR 1. liga zapad 2013/2014"]
[Site "?"]
[Date "2014.03.02"]
[Round "49.6"]
[White "Szitkey, Milan"]
[Black "Sustak, Roman"]
[Result "0-1"]
[WhiteElo "2149"]
[BlackElo "1887"]
[PlyCount "70"]
[EventDate "2013.??.??"]
[WhiteTeam "Lokomotiva Trnava"]
[BlackTeam "SK Modra"]

1. e4 e6 2. d4 d5 3. Nd2 Nf6 4. e5 Nfd7 5. Bd3 c5 6. c3 Nc6 7. Ne2 Be7 8. O-O
O-O 9. Nf3 f6 10. Nf4 Ndxe5 11. dxe5 fxe5 12. Qc2 exf4 13. Bxh7+ Kh8 14. Re1
Qc7 15. Rd1 Bd7 16. Ne1 Be8 17. Qd3 Rf6 18. g3 Bh5 19. Bxf4 e5 20. Bg5 Rd6 21.
Bxe7 Nxe7 22. Be4 Bxd1 23. Rxd1 Rad8 24. Bg2 e4 25. Qe2 Re6 26. Nc2 Qe5 27. Bh3
Rb6 28. Ne3 Rh6 29. Ng4 Qh5 30. Bf1 Re6 31. h3 d4 32. Qb5 Rb6 33. Qe2 Qf7 34.
Bg2 Re6 35. Ne3 Qg6 0-1

[Event "SR 1. liga zapad 2013/2014"]
[Site "?"]
[Date "2014.03.02"]
[Round "49.7"]
[White "Horvath, Marek"]
[Black "Drtina, Milan"]
[Result "0-1"]
[WhiteElo "1811"]
[BlackElo "2135"]
[PlyCount "86"]
[EventDate "2013.??.??"]
[WhiteTeam "SK Modra"]
[BlackTeam "Lokomotiva Trnava"]

1. e4 e5 2. Nf3 Nc6 3. d4 exd4 4. Nxd4 Bc5 5. Be3 Nxd4 6. Bxd4 Bxd4 7. Qxd4 Qf6
8. Qxf6 Nxf6 9. Nc3 d6 10. O-O-O Bd7 11. Bc4 O-O-O 12. Bxf7 Rhf8 13. e5 dxe5
14. Bd5 Ng4 15. Ne4 Nxf2 16. Nxf2 Rxf2 17. Rhf1 Rdf8 18. Bf3 Rxf1 19. Rxf1 c6
20. Re1 Re8 21. Be4 g6 22. Rf1 Re7 23. Kd2 Be6 24. a3 Rf7 25. Re1 Kd7 26. Ke3
Bd5 27. Rd1 Ke6 28. Bf3 Bxf3 29. gxf3 Rd7 30. Rg1 Kf5 31. c3 g5 32. b4 h6 33.
a4 a6 34. h3 c5 35. b5 axb5 36. axb5 c4 37. Ra1 Rd3+ 38. Ke2 Rxc3 39. Ra7 Kf4
40. Rxb7 Rc2+ 41. Kd1 Rb2 42. b6 Kxf3 43. Rb8 Kg3 0-1